Central Library OPAC University of Rajshahi

Muʻjam al-muṣṭalaḥāt wa-al-alfāẓ al-fiqhīyah / معجم المصطلحات والالفاظ الفقهية / (Record no. 77810)

MARC details
000 -LEADER
fixed length control field 01105nam a2200241 a 4500
001 - CONTROL NUMBER
control field 77810
003 - CONTROL NUMBER IDENTIFIER
rucl marc code BD-RjUL
005 - DATE AND TIME OF LATEST TRANSACTION
control field 20211209083029.0
008 - FIXED-LENGTH DATA ELEMENTS--GENERAL INFORMATION
fixed length control field 210119s1999 lu ||||| |||| 00| 0 ara d
035 ## - SYSTEM CONTROL NUMBER
System control number (BD-RjUL)78036
040 ## - CATALOGING SOURCE
Original cataloging agency BD-RjUL
Language of cataloging eng
Transcribing agency BD-RjUL
Modifying agency BD-RjUL
041 ## - LANGUAGE CODE
Language code of text/sound track or separate title eng
082 ## - DEWEY DECIMAL CLASSIFICATION NUMBER
Edition number 23
Classification number 297.562203
Author mark and year MOM 1999
100 ## - MAIN ENTRY--PERSONAL NAME
Personal name Munʻim, Maḥmūd ʻAbd al-Raḥmān المنعم، محمود عبد الرحمن
9 (RLIN) 243709
245 10 - TITLE STATEMENT
Title Muʻjam al-muṣṭalaḥāt wa-al-alfāẓ al-fiqhīyah / معجم المصطلحات والالفاظ الفقهية /
Statement of responsibility, etc. ʻAbd al-Munʻim, Maḥmūd ʻAbd al-Raḥmān محمود عبد الرحمن عبد المنعم.
260 ## - PUBLICATION, DISTRIBUTION, ETC. (IMPRINT)
Place of publication, distribution, etc. Lebanon :
Name of publisher, distributor, etc. دار الفضيلة،
Date of publication, distribution, etc. 1999
300 ## - PHYSICAL DESCRIPTION
Pagination V. ;
Size 25 cm
505 ## - FORMATTED CONTENTS NOTE
Formatted contents note Vol. 1. Harfil Alif- Haa.-- v.2. Harfil Kha - Aiin.-- v. 3. Harfil gain-iya.--
650 ## - SUBJECT ADDED ENTRY--TOPICAL TERM
Topical term or geographic name as entry element Islamic law (jurisprudential terms and expressions)
Form subdivision Dictionaries.
9 (RLIN) 243710
Topical term or geographic name as entry element Islam
Form subdivision Dictionaries.
9 (RLIN) 243711
Topical term or geographic name as entry element Arabic language
Form subdivision Dictionaries.
9 (RLIN) 243712
942 ## - ADDED ENTRY ELEMENTS (KOHA)
Source of classification or shelving scheme Dewey Decimal Classification
Koha item type Reference
Holdings
Lost status Source of classification or shelving scheme Damaged status Not for loan Collection code Permanent Location Current Location Shelving location Date acquired Source of acquisition Cost, normal purchase price Total Checkouts Full call number Date last seen Copy number Koha item type
  Dewey Decimal Classification   Not For Loan Reference Central Library, University of Rajshahi Central Library, University of Rajshahi   17/11/2009 Ahsania mission , Dhaka 666.66   AR 297.562203 MOM V-1 1999 19/01/2021 C-1 Reference
  Dewey Decimal Classification   Not For Loan Reference Central Library, University of Rajshahi Central Library, University of Rajshahi   17/11/2009 Ahsania mission , Dhaka 666.66   AR 297.562203 MOM V-2 1999 19/01/2021 C-1 Reference
  Dewey Decimal Classification   Not For Loan Reference Central Library, University of Rajshahi Central Library, University of Rajshahi   17/11/2009 Ahsania mission , Dhaka 666.66   AR 297.562203 MOM V-3 1999 19/01/2021 C-1 Reference
  Dewey Decimal Classification     Non-fiction Central Library, University of Rajshahi Central Library, University of Rajshahi   19/07/2006 paragon International , Dhaka 65.00   AR 297.562203 MOM V-2 1999 08/02/2021 C-2 Reference
  Dewey Decimal Classification     Non-fiction Central Library, University of Rajshahi Central Library, University of Rajshahi   19/07/2006 paragon International , Dhaka 65.00   AR 297.562203 MOM V-3 1999 01/03/2021 C-2 Reference
  Dewey Decimal Classification     Non-fiction Central Library, University of Rajshahi Central Library, University of Rajshahi   19/07/2006 paragon International , Dhaka 65.00   AR 297.562203 MOM V 1 1999 01/03/2021 C-2 Books